Nonparametric Statistics for health care Research : sttistics for small sample and unusual distributions / / (Record no. 12744)
[ view plain ]
| 000 -LEADER | |
|---|---|
| fixed length control field | 00811cas a2200253 4500 |
| 001 - CONTROL NUMBER | |
| control field | 12744 |
| 003 - CONTROL NUMBER IDENTIFIER | |
| rucl marc code | BD-RjUL |
| 005 - DATE AND TIME OF LATEST TRANSACTION | |
| control field | 20211208235341.0 |
| 008 - FIXED-LENGTH DATA ELEMENTS--GENERAL INFORMATION | |
| fixed length control field | 181022s2016 uk ||||| | 00| 0 eng d |
| 020 ## - INTERNATIONAL STANDARD BOOK NUMBER | |
| International Standard Book Number | 978452281964 : |
| 035 ## - SYSTEM CONTROL NUMBER | |
| System control number | (BD-RjUL)12794 |
| 040 ## - CATALOGING SOURCE | |
| Original cataloging agency | DLC |
| Transcribing agency | DLC |
| Modifying agency | BD-RjUL |
| Language of cataloging | eng |
| 041 ## - LANGUAGE CODE | |
| Language code of text/sound track or separate title | eng |
| 082 ## - DEWEY DECIMAL CLASSIFICATION NUMBER | |
| Classification number | 610.727 |
| Author mark and year | PEN 2016 |
| 100 1# - MAIN ENTRY--PERSONAL NAME | |
| Relator code | Pet, Marjorie A. |
| 245 10 - TITLE STATEMENT | |
| Title | Nonparametric Statistics for health care Research : sttistics for small sample and unusual distributions / / |
| Statement of responsibility, etc. | Marjorie A. Pett |
| 250 ## - EDITION STATEMENT | |
| Edition statement | Second edition |
| 264 ## - PRODUCTION, PUBLICATION, DISTRIBUTION, MANUFACTURE, AND COPYRIGHT NOTICE | |
| Place of production, publication, distribution, manufacture | London : |
| Name of producer, publisher, distributor, manufacturer | Sage , |
| Date of production, publication, distribution, manufacture, or copyright notice | c2016 |
| 300 ## - PHYSICAL DESCRIPTION | |
| Pagination | xv, 451 p. : |
| Illustrations | ill. ; |
| Size | 23 cm. |
| 504 ## - BIBLIOGRAPHY, ETC. NOTE | |
| Bibliography, etc | Includes bibliographical references and index. |
| 650 #0 - SUBJECT ADDED ENTRY--TOPICAL TERM | |
| Topical term or geographic name as entry element | Medicine |
| General subdivision | Statistical methods |
| 9 (RLIN) | 34324 |
| Topical term or geographic name as entry element | Nonparametric Statistics |
| 9 (RLIN) | 34325 |
| 942 ## - ADDED ENTRY ELEMENTS (KOHA) | |
| Source of classification or shelving scheme | Dewey Decimal Classification |
| Koha item type | Books |
| Lost status | Source of classification or shelving scheme | Damaged status | Not for loan | Collection code | Permanent Location | Current Location | Shelving location | Date acquired | Source of acquisition | Cost, normal purchase price | Total Checkouts | Full call number | Date last seen | Copy number | Koha item type |
|---|---|---|---|---|---|---|---|---|---|---|---|---|---|---|---|
| Dewey Decimal Classification | Not For Loan | Non-fiction | Central Library, University of Rajshahi | Central Library, University of Rajshahi | Reading Room | 10/10/2018 | Dhaka Orbital International | 4312.70 | 610.727 PEN 2016 | 22/10/2018 | C-1 | Books | |||
| Dewey Decimal Classification | Non-fiction | Central Library, University of Rajshahi | Central Library, University of Rajshahi | 10/10/2018 | Dhaka Orbital International | 4312.70 | 610.727 PEN 2016 | 22/10/2018 | C-2 | Books |